[Event "Corte Ingles op"]
[Site "Corte Ingles ESP"]
[Date "1998.??.??"]
[Round "?"]
[White "Spraggett, Kevin"]
[Black "Martin Ojeda, Juan Manuel"]
[Result "1-0"]
[WhiteElo "2565"]
[BlackElo "2195"]
[PlyCount "37"]
[EventDate "1998.??.??"]
[EventType "swiss"]
[EventRounds "9"]
[EventCountry "ESP"]
[Source "ChessBase"]
[SourceDate "2001.11.25"]

1. c4 Nf6 2. Nf3 e6 3. Nc3 d5 4. d4 Nbd7 5. e3 Be7 6. b3 O-O 7. Bd3 b6 8. O-O
Bb7 9. Bb2 c5 10. Qe2 Re8 11. Rfd1 Bf8 12. cxd5 exd5 13. Rac1 g6 14. Bb5 cxd4
15. Nxd4 a6 16. Bc6 Qb8 17. Nxd5 Nxd5 18. Bxd7 Nf4 19. Qg4 1-0

[Event "Corte Ingles op"]
[Site "Corte Ingles ESP"]
[Date "1998.??.??"]
[Round "?"]
[White "Villavicencio Martinez, Adalberto"]
[Black "Spraggett, Kevin"]
[Result "0-1"]
[WhiteElo "2320"]
[BlackElo "2565"]
[PlyCount "101"]
[EventDate "1998.??.??"]
[EventType "swiss"]
[EventRounds "9"]
[EventCountry "ESP"]
[Source "ChessBase"]
[SourceDate "2001.11.25"]

1. d4 f5 2. g3 Nf6 3. Bg2 g6 4. Nh3 Bg7 5. Nf4 Nc6 6. h4 e5 7. dxe5 Nxe5 8. h5
c6 9. Nd2 d5 10. Nf3 Nfg4 11. Nxe5 Nxe5 12. Nd3 Be6 13. c3 Nc4 14. Qc2 Qe7 15.
b3 Nd6 16. Bb2 Ne4 17. c4 d4 18. O-O-O O-O-O 19. Kb1 g5 20. h6 Bf6 21. Rhe1 Kb8
22. e3 Nc3+ 23. Bxc3 dxc3 24. e4 fxe4 25. Bxe4 Rhe8 26. f3 Bh8 27. g4 Qf6 28.
Qh2+ Ka8 29. Kc2 Bg8 30. Qc7 Rc8 31. Qh2 Qf8 32. Bf5 Qa3 33. Kb1 Rcd8 34. Qc2
Qd6 35. Rxe8 Rxe8 36. Nf2 Qxh6 37. Ne4 a6 38. Qf2 Qg7 39. Kc2 Qc7 40. Rd7 Qa5
41. Kb1 h5 42. a4 h4 43. Qc5 Qxc5 44. Nxc5 h3 45. Rd1 h2 46. Ne4 Ka7 47. Rh1
Be5 48. Kc2 Bf4 49. Kxc3 b5 50. axb5 cxb5 51. b4 0-1

[Event "Mondariz op"]
[Site "Mondariz ESP"]
[Date "1998.??.??"]
[Round "?"]
[White "Del Rio Angelis, Salvador"]
[Black "Spraggett, Kevin"]
[Result "0-1"]
[WhiteElo "2395"]
[BlackElo "2565"]
[PlyCount "54"]
[EventDate "1998.??.??"]
[EventType "swiss"]
[EventRounds "9"]
[EventCountry "ESP"]
[Source "ChessBase"]
[SourceDate "2001.11.25"]

1. d4 d6 2. e4 g6 3. Nc3 Bg7 4. Bc4 e6 5. f4 Ne7 6. Nf3 a6 7. O-O O-O 8. Bb3 b5
9. a4 b4 10. Ne2 Nd7 11. Qe1 a5 12. Qh4 Ba6 13. Re1 c5 14. Be3 Nc6 15. Qh3 Bxe2
16. Rxe2 cxd4 17. Bf2 Nc5 18. Bc4 Rc8 19. f5 exf5 20. exf5 d5 21. fxg6 hxg6 22.
Bh4 Bf6 23. Bxf6 Qxf6 24. Bxd5 d3 25. cxd3 Nd4 26. Re3 Nc2 27. Re5 Nxd3 0-1

[Event "Mondariz op"]
[Site "Mondariz ESP"]
[Date "1998.??.??"]
[Round "?"]
[White "Martinez Martin, David"]
[Black "Spraggett, Kevin"]
[Result "0-1"]
[WhiteElo "2235"]
[BlackElo "2565"]
[PlyCount "106"]
[EventDate "1998.??.??"]
[EventType "swiss"]
[EventRounds "9"]
[EventCountry "ESP"]
[Source "ChessBase"]
[SourceDate "2001.11.25"]

1. d4 Nf6 2. c4 e6 3. Nc3 Bb4 4. e3 O-O 5. Nf3 d5 6. Bd3 c5 7. O-O Nc6 8. a3
Bxc3 9. bxc3 Qc7 10. cxd5 exd5 11. a4 Re8 12. Ba3 c4 13. Bc2 Ne4 14. Bxe4 Rxe4
15. Nd2 Re8 16. e4 dxe4 17. Nxc4 Nb4 18. cxb4 Qxc4 19. d5 Rd8 20. d6 b5 21. Qd2
Qe6 22. Rfd1 bxa4 23. Bb2 Bd7 24. Ra3 f6 25. Qd4 Rdc8 26. Rg3 Kf7 27. Rh3 Rc4
28. Qd2 h6 29. Qe2 Rac8 30. Qh5+ Kf8 31. Rg3 Rc2 32. Bd4 Rc1 33. h3 Qxd6 34.
Kh2 Rxd1 35. Qxd1 Kg8 36. Qa1 Kh8 37. Bc5 Qf4 38. Be3 Qd6 39. Bc5 Qc7 40. Bd4
Rf8 41. Kg1 a6 42. Qe1 Re8 43. Qe2 Qd6 44. Bc5 Qd5 45. Qe3 Kh7 46. Qf4 a5 47.
Qc7 axb4 48. Bxb4 Rc8 49. Qa7 Rc1+ 50. Kh2 Qd1 51. Re3 Qg1+ 52. Kg3 Bxh3 53.
Kxh3 Qxf2 0-1

[Event "Mondariz op"]
[Site "Mondariz ESP"]
[Date "1998.??.??"]
[Round "?"]
[White "Mitkov, Nikola"]
[Black "Spraggett, Kevin"]
[Result "1/2-1/2"]
[WhiteElo "2500"]
[BlackElo "2565"]
[PlyCount "74"]
[EventDate "1998.??.??"]
[EventType "swiss"]
[EventRounds "9"]
[EventCountry "ESP"]
[Source "ChessBase"]
[SourceDate "2001.11.25"]

1. e4 c5 2. Nc3 e6 3. Nf3 a6 4. d4 cxd4 5. Nxd4 Qc7 6. Bd3 Nc6 7. Be3 b5 8.
Nxc6 Qxc6 9. O-O Bb7 10. Re1 Nf6 11. Bd4 Be7 12. a3 O-O 13. Qf3 d6 14. Qh3 g6
15. e5 dxe5 16. Bxe5 Nd7 17. Bd4 Bf6 18. Be4 Qc7 19. Rad1 Bxd4 20. Rxd4 Nf6 21.
Bxb7 Qxb7 22. Qh4 Kg7 23. Qg5 Rfd8 24. Rf4 Nh5 25. Rh4 f6 26. Qg4 f5 27. Qg5 h6
28. Qe3 Qe7 29. Rd4 Nf6 30. Rxd8 Rxd8 31. Qxe6 Qxe6 32. Rxe6 Ne4 33. g3 Nxc3
34. bxc3 Rd2 35. Rxa6 Rxc2 36. Rc6 Ra2 37. h4 Rxa3 1/2-1/2

[Event "Mondariz op"]
[Site "Mondariz ESP"]
[Date "1998.??.??"]
[Round "?"]
[White "Servat, Roberto"]
[Black "Spraggett, Kevin"]
[Result "0-1"]
[WhiteElo "2425"]
[BlackElo "2565"]
[PlyCount "72"]
[EventDate "1998.??.??"]
[EventType "swiss"]
[EventRounds "9"]
[EventCountry "ESP"]
[Source "ChessBase"]
[SourceDate "2001.11.25"]

1. e4 c5 2. Nf3 e6 3. d4 cxd4 4. Nxd4 a6 5. Bd3 Nf6 6. O-O Qc7 7. Qe2 d6 8. c4
Be7 9. Nc3 O-O 10. b3 b5 11. Bb2 b4 12. Nb1 Nbd7 13. Nd2 Nc5 14. Bc2 Bb7 15. f4
g6 16. Rae1 e5 17. fxe5 dxe5 18. N4f3 Ncd7 19. Kh1 Rae8 20. Rd1 Nh5 21. Qe3 f6
22. Ne1 Nc5 23. Nd3 Nxd3 24. Bxd3 Nf4 25. Bb1 Bc5 26. Qf3 Rd8 27. Rfe1 f5 28.
Nf1 Ne6 29. Qg3 f4 30. Qg4 Nd4 31. Nd2 Bc8 32. Qh4 Qd7 33. Rf1 Qg4 34. Qe1 Ne2
35. Nf3 Ng3+ 36. hxg3 fxg3 0-1

[Event "Mondariz op"]
[Site "Mondariz ESP"]
[Date "1998.??.??"]
[Round "?"]
[White "Spraggett, Kevin"]
[Black "Franco Ocampos, Zenon"]
[Result "0-1"]
[WhiteElo "2565"]
[BlackElo "2465"]
[PlyCount "102"]
[EventDate "1998.??.??"]
[EventType "swiss"]
[EventRounds "9"]
[EventCountry "ESP"]
[Source "ChessBase"]
[SourceDate "2001.11.25"]

1. e4 c5 2. Nf3 Nc6 3. Bb5 e6 4. O-O Nge7 5. c3 a6 6. Ba4 b5 7. Bc2 Bb7 8. Qe2
d5 9. e5 d4 10. Be4 Nd5 11. d3 Be7 12. cxd4 cxd4 13. Nbd2 Nf4 14. Qd1 Ng6 15.
Nb3 Ra7 16. Qe2 O-O 17. Bd2 Qb8 18. Rfe1 Ngxe5 19. Nxe5 Qxe5 20. Na5 Qd6 21.
Nxb7 Rxb7 22. Rac1 Rc8 23. g3 Qd7 24. Bf4 Rb6 25. Rc2 Na7 26. Rec1 Bd6 27.
Rxc8+ Nxc8 28. Qc2 Ne7 29. Bxd6 Rxd6 30. Qc7 f5 31. Bg2 Kf7 32. Kf1 e5 33. Qb8
Qe6 34. b3 e4 35. Re1 e3 36. Bf3 f4 37. Kg2 g5 38. Qh8 g4 39. Qxh7+ Kf8 40. Be4
f3+ 41. Kg1 e2 42. h3 Qh6 43. Qxh6+ Rxh6 44. hxg4 Rf6 45. g5 Rf7 46. Kh2 Kg7
47. Kh3 Ng6 48. Bxg6 Kxg6 49. Kg4 b4 50. Rc1 Re7 51. Re1 Re3 0-1

[Event "Mondariz op"]
[Site "Mondariz ESP"]
[Date "1998.??.??"]
[Round "?"]
[White "Spraggett, Kevin"]
[Black "Mellado Trivino, Juan"]
[Result "1/2-1/2"]
[WhiteElo "2565"]
[BlackElo "2465"]
[PlyCount "102"]
[EventDate "1998.??.??"]
[EventType "swiss"]
[EventRounds "9"]
[EventCountry "ESP"]
[Source "ChessBase"]
[SourceDate "2001.11.25"]

1. c4 c5 2. Nf3 Nf6 3. Nc3 Nc6 4. d4 cxd4 5. Nxd4 e6 6. a3 d5 7. cxd5 exd5 8.
Bg5 Be7 9. e3 O-O 10. Bb5 Bd7 11. O-O Nxd4 12. Qxd4 Bxb5 13. Nxb5 Qd7 14. Nc3
Rfd8 15. Rfd1 h6 16. Bh4 b6 17. Qd3 g5 18. Bg3 Rac8 19. Be5 Qe6 20. Bd4 Ne4 21.
Rac1 Bf6 22. Ne2 Bxd4 23. Nxd4 Qf6 24. Rc2 h5 25. f3 Rxc2 26. Qxc2 Nc5 27. Nf5
Ne6 28. Kf2 Rd7 29. Rd2 h4 30. h3 Rd8 31. b4 d4 32. Nxd4 Nxd4 33. Qb2 Qf5 34.
Rxd4 Rxd4 35. exd4 Qd3 36. Kg1 b5 37. Kh2 Kh7 38. Qc1 Kg6 39. Qc6+ Kg7 40. Qe4
Qd2 41. f4 gxf4 42. Qe5+ Kg6 43. Qxb5 Qxd4 44. Qe2 f5 45. Qf3 Kf6 46. b5 Ke5
47. Qb7 Qf2 48. Qe7+ Kd5 49. Qf7+ Ke5 50. Qc7+ Kd5 51. Qf7+ Ke5 1/2-1/2

[Event "Mondariz op"]
[Site "Mondariz ESP"]
[Date "1998.??.??"]
[Round "?"]
[White "Spraggett, Kevin"]
[Black "Paramos Dominguez, Roberto"]
[Result "1-0"]
[WhiteElo "2565"]
[BlackElo "2420"]
[PlyCount "71"]
[EventDate "1998.??.??"]
[EventType "swiss"]
[EventRounds "9"]
[EventCountry "ESP"]
[Source "ChessBase"]
[SourceDate "2001.11.25"]

1. Nf3 Nf6 2. c4 g6 3. b3 Bg7 4. Bb2 O-O 5. g3 d6 6. Bg2 e5 7. d3 Nc6 8. O-O
Bd7 9. Nc3 Rb8 10. e3 a6 11. Qd2 Re8 12. Rac1 h6 13. Kh1 Be6 14. e4 Bg4 15. Nd5
Bxf3 16. Bxf3 Nd4 17. Bg2 c6 18. Ne3 Nd7 19. f4 exf4 20. gxf4 Qh4 21. Rce1 Nc5
22. Bc3 b5 23. Rd1 f5 24. Bxd4 Bxd4 25. Nc2 Bg7 26. exf5 gxf5 27. Bxc6 Re7 28.
Ne3 Qh3 29. Rf3 Qh5 30. Rg3 Kh8 31. Rdg1 Ne6 32. Bf3 Qf7 33. Nd5 Ree8 34. Rg6
Qa7 35. Qg2 Qd4 36. Qh3 1-0

[Event "Mondariz op"]
[Site "Mondariz ESP"]
[Date "1998.??.??"]
[Round "?"]
[White "Spraggett, Kevin"]
[Black "Perez Candelario, Manuel"]
[Result "1-0"]
[WhiteElo "2565"]
[BlackElo "2150"]
[PlyCount "79"]
[EventDate "1998.??.??"]
[EventType "swiss"]
[EventRounds "9"]
[EventCountry "ESP"]
[Source "ChessBase"]
[SourceDate "2001.11.25"]

1. Nf3 c5 2. c4 Nc6 3. d4 cxd4 4. Nxd4 g6 5. e4 Bg7 6. Be3 Nf6 7. Nc3 d6 8. Be2
Qa5 9. Nb3 Qd8 10. O-O O-O 11. Rc1 b6 12. Qd2 Bb7 13. f3 Nd7 14. Rfd1 f5 15.
exf5 gxf5 16. Nd5 Nc5 17. Re1 Rf7 18. Rcd1 Rc8 19. Bf1 Qf8 20. Nd4 Nxd4 21.
Bxd4 e5 22. Be3 Ne6 23. Kh1 Kh8 24. Rc1 Re8 25. Bd3 Nc5 26. Bc2 Re6 27. b4 Nd7
28. Nc3 Rg6 29. Red1 h5 30. Nb5 Rff6 31. Bg5 Bh6 32. Bxh6 Rxh6 33. Nxa7 Rhg6
34. Qf2 e4 35. b5 Qa8 36. Nc6 Bxc6 37. bxc6 Qxc6 38. fxe4 fxe4 39. Qh4 Rf5 40.
Bxe4 1-0

[Event "Mondariz op"]
[Site "Mondariz ESP"]
[Date "1998.??.??"]
[Round "?"]
[White "Vallejo Pons, Francisco"]
[Black "Spraggett, Kevin"]
[Result "1/2-1/2"]
[WhiteElo "2415"]
[BlackElo "2565"]
[PlyCount "47"]
[EventDate "1998.??.??"]
[EventType "swiss"]
[EventRounds "9"]
[EventCountry "ESP"]
[Source "ChessBase"]
[SourceDate "2001.11.25"]

1. e4 c5 2. Nf3 e6 3. d4 cxd4 4. Nxd4 a6 5. Bd3 Nf6 6. O-O d6 7. c4 Bd7 8. Nc3
Nc6 9. Nf3 Be7 10. h3 O-O 11. Bf4 b6 12. Qe2 Qc8 13. Rad1 Rd8 14. Rd2 Be8 15.
Rfd1 Qc7 16. e5 dxe5 17. Nxe5 Nxe5 18. Bxe5 Qb7 19. Ne4 Nxe4 20. Bxe4 Bc6 21.
Rxd8+ Rxd8 22. Rxd8+ Bxd8 23. Qd3 Be7 24. Bxc6 1/2-1/2

[Event "POR-Tch"]
[Site "Lisboa POR"]
[Date "1998.05.09"]
[Round "4"]
[White "Spraggett, Kevin"]
[Black "Pereira, Rui Silva"]
[Result "1-0"]
[WhiteElo "2565"]
[BlackElo "2255"]
[PlyCount "83"]
[EventDate "1998.??.??"]
[EventType "team"]
[EventRounds "9"]
[EventCountry "POR"]
[Source "InfoXadrez"]
[SourceDate "1999.04.15"]

1. e4 e5 2. Nf3 Nc6 3. Bb5 Nf6 4. d3 d6 5. c3 Be7 6. Nbd2 O-O 7. Ba4 Re8 8. O-O
Bf8 9. Re1 g6 10. Nf1 Bg7 11. Bg5 Bd7 12. h3 h6 13. Bh4 Ne7 14. Bb3 Nh5 15. Ne3
Qc8 16. d4 Nf4 17. dxe5 dxe5 18. Bxe7 Rxe7 19. Nd5 Nxd5 20. Qxd5 Bc6 21. Qc5
Qe8 22. Bd5 Bxd5 23. Qxd5 c6 24. Qc5 b6 25. Qc4 Rd8 26. Rad1 Re6 27. Qa4 a5 28.
Qb3 b5 29. a4 Red6 30. Rxd6 Rxd6 31. Ra1 bxa4 32. Qxa4 Qa8 33. b4 f5 34. bxa5
Qa6 35. Qb3+ Kh7 36. Qb6 Qe2 37. a6 fxe4 38. a7 exf3 39. a8=Q Rd1+ 40. Rxd1
Qxd1+ 41. Kh2 e4 42. Qbd8 1-0

[Event "Terres Catalanes"]
[Site "Ampuriabrava ESP"]
[Date "1997.09.17"]
[Round "1"]
[White "Pomes Marcet, Juan"]
[Black "Spraggett, Kevin"]
[Result "0-1"]
[WhiteElo "2430"]
[BlackElo "2575"]
[PlyCount "86"]
[EventDate "1997.09.17"]
[EventType "tourn"]
[EventRounds "9"]
[EventCountry "ESP"]
[EventCategory "10"]
[Source "ChessBase"]
[SourceDate "1998.01.31"]

1. d4 d6 2. Nf3 Nf6 3. c4 Nbd7 4. Nc3 c6 5. Bg5 h6 6. Bh4 g5 7. Bg3 Nh5 8. e3
Bg7 9. Bd3 Ndf6 10. Qc2 e6 11. O-O-O Qe7 12. Kb1 Bd7 13. Nd2 Ng4 14. Nde4 Nxg3
15. Nxg3 O-O-O 16. Nh5 Bf8 17. h3 Nf6 18. Nxf6 Qxf6 19. Ne4 Qg7 20. c5 d5 21.
Ng3 f5 22. Qa4 Kb8 23. Rc1 f4 24. Ne2 fxe3 25. fxe3 e5 26. Rc3 exd4 27. exd4
Bc8 28. Rb3 Qc7 29. Ra3 a6 30. Rb3 Ka8 31. Rc1 Bg7 32. Rb6 Rhf8 33. Rc3 Rf4 34.
Kc2 Rf2 35. Ra3 Qe7 36. Bxa6 Kb8 37. Kd1 Re8 38. Qc2 Bxd4 39. Rf3 Rxf3 40. gxf3
Qxc5 41. Rb3 Qxc2+ 42. Kxc2 Bf2 43. f4 Re3 0-1

[Event "Terres Catalanes"]
[Site "Ampuriabrava ESP"]
[Date "1997.09.18"]
[Round "2"]
[White "Garcia Ilundain, David"]
[Black "Spraggett, Kevin"]
[Result "1/2-1/2"]
[WhiteElo "2495"]
[BlackElo "2575"]
[PlyCount "97"]
[EventDate "1997.09.17"]
[EventType "tourn"]
[EventRounds "9"]
[EventCountry "ESP"]
[EventCategory "10"]
[Source "ChessBase"]
[SourceDate "1998.01.31"]

1. d4 Nf6 2. Nf3 e6 3. c4 c5 4. d5 d6 5. Nc3 exd5 6. cxd5 g6 7. Nd2 Bg7 8. Nc4
O-O 9. Bf4 b6 10. Bxd6 Re8 11. e3 Ne4 12. Nxe4 Rxe4 13. Bg3 b5 14. Nd6 Rb4 15.
Be2 Rxb2 16. O-O Ba6 17. a4 bxa4 18. Bxa6 Nxa6 19. Rxa4 Nc7 20. Nc4 Rb4 21.
Rxb4 cxb4 22. d6 Ne6 23. Ne5 Rc8 24. f4 Qb6 25. Bf2 Rd8 26. Nc4 Qb5 27. Qd3 Bf8
28. Rd1 b3 29. f5 Nc5 30. Qd5 b2 31. Rb1 Bg7 32. e4 Rc8 33. h4 a6 34. e5 gxf5
35. Rxb2 Nb3 36. d7 Rd8 37. Qxb5 axb5 38. Rxb3 bxc4 39. Rb7 c3 40. Rc7 Bf8 41.
Kf1 c2 42. Ke2 Rxd7 43. Rxc2 Kg7 44. Be3 Be7 45. g3 f6 46. exf6+ Bxf6 47. h5
Be5 48. Kf3 Rd3 49. Rd2 1/2-1/2

[Event "Terres Catalanes"]
[Site "Ampuriabrava ESP"]
[Date "1997.09.21"]
[Round "5"]
[White "Spraggett, Kevin"]
[Black "Mellado Trivino, Juan"]
[Result "1-0"]
[WhiteElo "2575"]
[BlackElo "2430"]
[PlyCount "75"]
[EventDate "1997.09.17"]
[EventType "tourn"]
[EventRounds "9"]
[EventCountry "ESP"]
[EventCategory "10"]
[Source "ChessBase"]
[SourceDate "1998.01.31"]

1. c4 f5 2. g3 Nf6 3. Bg2 g6 4. Nc3 Bg7 5. d3 d6 6. e3 O-O 7. Nge2 e5 8. O-O
Nc6 9. Rb1 a5 10. b3 Be6 11. Nd5 Bf7 12. Qd2 Nxd5 13. cxd5 Ne7 14. e4 c6 15.
dxc6 Nxc6 16. exf5 gxf5 17. f4 Be6 18. Kh1 Qb6 19. Nc3 Rac8 20. Bb2 Rfe8 21.
Rbe1 Nd4 22. Rc1 Qa7 23. Nd5 b5 24. fxe5 Bxe5 25. Nf4 Bf7 26. Rfe1 a4 27. Nd5
Kh8 28. Qf2 Bg6 29. bxa4 bxa4 30. a3 Qg7 31. Rxc8 Rxc8 32. Ne3 Nc2 33. Bxe5
Qxe5 34. Rc1 f4 35. Rxc2 Re8 36. Nf1 Bxd3 37. Rc1 fxg3 38. Nxg3 1-0

[Event "Terres Catalanes"]
[Site "Ampuriabrava ESP"]
[Date "1997.09.25"]
[Round "9"]
[White "Spraggett, Kevin"]
[Black "Vehi Bach, Victor"]
[Result "1/2-1/2"]
[WhiteElo "2575"]
[BlackElo "2395"]
[PlyCount "54"]
[EventDate "1997.09.17"]
[EventType "tourn"]
[EventRounds "9"]
[EventCountry "ESP"]
[EventCategory "10"]
[Source "ChessBase"]
[SourceDate "1998.01.31"]

1. c4 e5 2. g3 Nf6 3. Bg2 d5 4. cxd5 Nxd5 5. Nf3 Nc6 6. O-O Be7 7. d4 e4 8. Ne5
f5 9. Nxc6 bxc6 10. Nc3 O-O 11. f3 exf3 12. Bxf3 Be6 13. e3 Nxc3 14. bxc3 Bd5
15. Qc2 Bxf3 16. Rxf3 Qd5 17. Rf2 Rae8 18. c4 Qd7 19. Rb1 Bg5 20. Qc3 Re4 21.
Rb7 Rfe8 22. Rf3 f4 23. gxf4 Qg4+ 24. Rg3 Qd1+ 25. Kg2 Qe2+ 26. Kg1 Qd1+ 27.
Kg2 Qe2+ 1/2-1/2

[Event "ESP-Tch"]
[Site "Ponferrada ESP"]
[Date "1997.??.??"]
[Round "5"]
[White "Spraggett, Kevin"]
[Black "Nogueiras, Jesus"]
[Result "1-0"]
[WhiteElo "2575"]
[BlackElo "2535"]
[PlyCount "121"]
[EventDate "1997.08.29"]
[EventType "team"]
[EventRounds "9"]
[EventCountry "ESP"]
[Source "ChessBase"]
[SourceDate "1997.11.24"]

1. e4 e6 2. d4 d5 3. Nc3 Bb4 4. exd5 exd5 5. Bd3 Nc6 6. a3 Bd6 7. Nb5 Nge7 8.
Qf3 Be6 9. Bf4 Bxf4 10. Qxf4 Rc8 11. Nf3 a6 12. Nc3 f6 13. Na4 Qd6 14. Qxd6
cxd6 15. Nb6 Rb8 16. Kd2 Kd8 17. h3 Kc7 18. Na4 Rbe8 19. Nc3 Bf7 20. Rae1 g6
21. Nd1 Rhf8 22. Ne3 Ng8 23. g4 Nge7 24. b3 Kd7 25. c3 Nd8 26. Nh4 Ne6 27. Neg2
Ng7 28. f4 Rh8 29. Ne3 Rhf8 30. Nhg2 h5 31. f5 g5 32. h4 Ng8 33. gxh5 Nxh5 34.
Ng4 Rxe1 35. Rxe1 Re8 36. N2e3 Nf4 37. hxg5 fxg5 38. Rh1 Bh5 39. Rg1 Rf8 40.
Nf2 Nf6 41. Rxg5 Bf3 42. Rg3 Bh5 43. Rg7+ Kc6 44. a4 Rh8 45. Bc2 Bf3 46. Rg3
Ne4+ 47. Bxe4 dxe4 48. Nf1 Rh5 49. Rg7 Rxf5 50. Ng3 Rf8 51. Ngxe4 Bxe4 52. Nxe4
Re8 53. Ng3 b5 54. a5 Rh8 55. Nf5 Rh2+ 56. Ke3 Nd5+ 57. Kd3 Rb2 58. b4 Rf2 59.
Ne7+ Nxe7 60. Rxe7 Rf3+ 61. Ke4 1-0

[Event "ESP-Tch"]
[Site "Ponferrada ESP"]
[Date "1997.??.??"]
[Round "6"]
[White "San Segundo Carrillo, Pablo"]
[Black "Spraggett, Kevin"]
[Result "0-1"]
[WhiteElo "2495"]
[BlackElo "2575"]
[PlyCount "78"]
[EventDate "1997.08.29"]
[EventType "team"]
[EventRounds "9"]
[EventCountry "ESP"]
[Source "ChessBase"]
[SourceDate "1997.11.24"]

1. d4 Nf6 2. Nf3 e6 3. c4 b6 4. e3 Bb7 5. Bd3 d5 6. b3 Bd6 7. O-O Nbd7 8. Nc3
O-O 9. Bb2 c5 10. cxd5 exd5 11. Qe2 a6 12. Bf5 Re8 13. Rfd1 b5 14. dxc5 Nxc5
15. Rac1 Qe7 16. Qe1 Rad8 17. Ne2 Nfe4 18. Nf4 g6 19. Bh3 f5 20. Nd3 Ne6 21.
Bd4 Ba3 22. Rc2 Rc8 23. Re2 Qf8 24. g3 b4 25. Bb2 Bxb2 26. Rxb2 d4 27. Nde5 Nc3
28. Rdd2 Bxf3 29. Nxf3 Qh6 30. Bf1 dxe3 31. fxe3 Nc5 32. Rd4 Qxe3+ 33. Qxe3
Rxe3 34. Kg2 a5 35. Bc4+ Kf8 36. Rbd2 Ke7 37. Rh4 h5 38. Rhd4 N3e4 39. Rd1 Rc3
0-1

[Event "ESP-Tch"]
[Site "Ponferrada ESP"]
[Date "1997.??.??"]
[Round "8"]
[White "Estremera Panos, Sergio"]
[Black "Spraggett, Kevin"]
[Result "0-1"]
[WhiteElo "2430"]
[BlackElo "2575"]
[PlyCount "70"]
[EventDate "1997.08.29"]
[EventType "team"]
[EventRounds "9"]
[EventCountry "ESP"]
[Source "ChessBase"]
[SourceDate "1997.11.24"]

1. d4 Nf6 2. c4 e6 3. Nc3 Bb4 4. e3 O-O 5. Bd3 d5 6. Nf3 c5 7. O-O dxc4 8. Bxc4
cxd4 9. exd4 b6 10. Bg5 Bb7 11. Rc1 Be7 12. Qd3 Nc6 13. a3 a6 14. Ba2 b5 15.
Rfd1 Rc8 16. h4 b4 17. Na4 bxa3 18. bxa3 Nb8 19. Rxc8 Qxc8 20. Rc1 Qd8 21. Ne5
Bd5 22. Bxd5 Qxd5 23. Nb6 Qb7 24. Rb1 Qc7 25. Bf4 Bd6 26. Nbc4 Rc8 27. Rb6 Bxe5
28. Bxe5 Qd8 29. Bxb8 Rxb8 30. Rxb8 Qxb8 31. Ne3 Qb7 32. g3 h6 33. Qc2 g6 34.
Qd3 Qf3 35. Qxa6 Ne4 0-1

[Event "ESP-Tch"]
[Site "Ponferrada ESP"]
[Date "1997.??.??"]
[Round "9"]
[White "Spraggett, Kevin"]
[Black "Mitkov, Nikola"]
[Result "1-0"]
[WhiteElo "2575"]
[BlackElo "2455"]
[PlyCount "129"]
[EventDate "1997.08.29"]
[EventType "team"]
[EventRounds "9"]
[EventCountry "ESP"]
[Source "ChessBase"]
[SourceDate "1997.11.24"]

1. c4 e5 2. g3 Nc6 3. Bg2 Nf6 4. Nc3 Bc5 5. e3 O-O 6. a3 a5 7. Nge2 Re8 8. O-O
d6 9. d3 h6 10. h3 Ba7 11. b3 Be6 12. Nd5 Bxd5 13. cxd5 Ne7 14. Nc3 Qd7 15. Bd2
c6 16. dxc6 Nxc6 17. Qf3 Bb6 18. Rfc1 Rab8 19. Nd5 Nxd5 20. Qxd5 Ne7 21. Qc4 d5
22. Qa4 Red8 23. Rc2 Kf8 24. Kf1 Ke8 25. Rac1 Ra8 26. Ke2 Kf8 27. Qxd7 Rxd7 28.
b4 Ke8 29. Rb1 Kd8 30. bxa5 Bxa5 31. Bc1 Rc7 32. Rxc7 Kxc7 33. f4 exf4 34. gxf4
Bc3 35. Rb3 Bf6 36. d4 Ra6 37. Bd2 Re6 38. Kd3 Bh4 39. Rb5 Rg6 40. Rc5+ Kd7 41.
Bxd5 b6 42. Rb5 Nxd5 43. Rxd5+ Kc6 44. Rf5 Be7 45. Rxf7 Bxa3 46. f5 Rg3 47. Be1
Rg1 48. Bf2 Rg2 49. Ke2 b5 50. Kf3 Rh2 51. Rxg7 Rxh3+ 52. Ke2 b4 53. Ra7 Rh1
54. Be1 Rh5 55. e4 Rh3 56. d5+ Kb6 57. Bf2+ Kb5 58. Bd4 Rh2+ 59. Kf3 Rh3+ 60.
Kg2 Rh4 61. Kf3 Rh3+ 62. Kg4 Rd3 63. f6 Rxd4 64. f7 Rxe4+ 65. Kf3 1-0

[Event "Andorra op"]
[Site "Andorra AND"]
[Date "1997.??.??"]
[Round "2"]
[White "Gallego, Ruben"]
[Black "Spraggett, Kevin"]
[Result "1/2-1/2"]
[WhiteElo "2265"]
[BlackElo "2580"]
[PlyCount "93"]
[EventDate "1997.07.??"]
[EventType "swiss"]
[EventRounds "9"]
[EventCountry "AND"]
[Source "ChessBase"]
[SourceDate "1997.07.29"]

1. e4 c6 2. d4 d5 3. Nc3 dxe4 4. Nxe4 Nf6 5. Nxf6+ gxf6 6. Nf3 Bg4 7. Be2 e6 8.
Bf4 Bd6 9. Bg3 Qc7 10. c4 Nd7 11. c5 Bxg3 12. hxg3 Bxf3 13. Bxf3 O-O-O 14. Qa4
Kb8 15. O-O-O f5 16. Rh6 Nf8 17. Qb3 Ng6 18. Qe3 Qe7 19. Rh5 Rd7 20. Qg5 Rxd4
21. Qxe7 Rxd1+ 22. Kxd1 Nxe7 23. Ke2 Kc7 24. Ke3 Ng6 25. g4 fxg4 26. Bxg4 Kd7
27. f4 Ke7 28. Rh1 a5 29. Bf3 Nf8 30. a3 Nd7 31. b4 axb4 32. axb4 Ra8 33. Rxh7
Nf6 34. Rh1 Ra4 35. Rb1 Nd5+ 36. Bxd5 exd5 37. Rb3 Kf6 38. g4 Ra2 39. Kf3 Rc2
40. Ke3 Rh2 41. Rb1 Rh3+ 42. Kf2 Kg6 43. Kg2 Rc3 44. Kf2 f6 45. Kg2 Kf7 46. Kf2
Kg6 47. Kg2 1/2-1/2

[Event "Andorra op"]
[Site "Andorra AND"]
[Date "1997.??.??"]
[Round "4"]
[White "Nataf, Igor A"]
[Black "Spraggett, Kevin"]
[Result "1-0"]
[WhiteElo "2410"]
[BlackElo "2580"]
[PlyCount "71"]
[EventDate "1997.07.??"]
[EventType "swiss"]
[EventRounds "9"]
[EventCountry "AND"]
[Source "ChessBase"]
[SourceDate "1997.07.29"]

1. e4 c6 2. d4 d5 3. e5 c5 4. dxc5 Nc6 5. Bb5 e6 6. Qg4 Qa5+ 7. Nc3 h5 8. Bxc6+
bxc6 9. Qa4 Qc7 10. Be3 Rb8 11. b4 Ne7 12. Nf3 Nf5 13. Bf4 a5 14. a3 Be7 15. h4
axb4 16. axb4 Qb7 17. Rb1 O-O 18. Kd2 Ra8 19. Qb3 f6 20. Ne2 Qd7 21. Ra1 Ba6
22. Ng3 Nxg3 23. Bxg3 Qe8 24. Qe3 Bc4 25. Nd4 Qd7 26. Rxa8 Rxa8 27. exf6 Bxf6
28. Be5 Qb7 29. Bxf6 Qxb4+ 30. Qc3 Qxc5 31. Qg3 Qb4+ 32. c3 Ra2+ 33. Nc2 Qf8
34. Be5 Bb3 35. Rb1 Rxc2+ 36. Ke1 1-0

[Event "Andorra op"]
[Site "Andorra AND"]
[Date "1997.??.??"]
[Round "6"]
[White "Kovacevic, Slobodan"]
[Black "Spraggett, Kevin"]
[Result "1/2-1/2"]
[WhiteElo "2420"]
[BlackElo "2580"]
[PlyCount "107"]
[EventDate "1997.07.??"]
[EventType "swiss"]
[EventRounds "9"]
[EventCountry "AND"]
[Source "ChessBase"]
[SourceDate "1997.07.29"]

1. d4 Nf6 2. Nf3 d6 3. Bg5 Nbd7 4. Nbd2 h6 5. Bh4 g5 6. Bg3 Nh5 7. e4 Bg7 8. c3
e6 9. Nc4 Qe7 10. Nfd2 Nxg3 11. hxg3 b6 12. Ne3 Bb7 13. Bd3 c5 14. d5 O-O-O 15.
Qe2 Nf6 16. Ba6 Rhe8 17. Bb5 Rg8 18. dxe6 Qxe6 19. Bc4 d5 20. exd5 Nxd5 21.
Nxd5 Bxd5 22. Qxe6+ fxe6 23. f3 Kc7 24. g4 b5 25. Bxd5 exd5 26. O-O-O Rge8 27.
Rde1 c4 28. Kd1 a5 29. Rxe8 Rxe8 30. Re1 Rxe1+ 31. Kxe1 b4 32. Nb1 a4 33. Kd2
b3 34. axb3 axb3 35. Kd1 Be5 36. Nd2 Kd6 37. Nf1 d4 38. cxd4 Bxd4 39. Kc1 Ke5
40. Ng3 Be3+ 41. Kb1 Bd2 42. Ne2 Kd5 43. Ka1 Bf4 44. Kb1 Be5 45. Kc1 Ke6 46.
Kb1 Kf6 47. Nc3 Bxc3 48. bxc3 Kg6 49. g3 h5 50. gxh5+ Kxh5 51. Kc1 Kg6 52. Kb1
Kf5 53. Kc1 g4 54. f4 1/2-1/2